Participatory Learning : Religious Education in a Globalizing Society /
In many respects children and youths receiving religious instruction in our culture resemble extraterrestrial beings doing an orientation course. Religion and religiosity are unknown quantities which they have hardly encountered at home. Religion seems something else, something greater. This book is...
المؤلف الرئيسي:
التنسيق: كتاب الكتروني
اللغة: English
منشور في:
Leiden; Boston :
BRILL,
2003.
سلاسل:
Empirical Studies in Theology ;
9.
Brill Book Archive Part 1, ISBN: 9789004472495.
الموضوعات:
الوصول للمادة أونلاين: Login to view Source
الوسوم: إضافة وسم
رقم الطلب: BL42
| LEADER | 02343nam a22004698i 4500 | ||
|---|---|---|---|
| 001 | BRILL9789047402121 | ||
| 003 | nllekb | ||
| 005 | 20220208174550.0 | ||
| 006 | m d | ||
| 007 | cr un uuuua | ||
| 008 | 200716s2003 ne sb 001 0 eng d | ||
| 020 | |a 9789047402121 |q (electronic book) | ||
| 020 | |a 9789004130012 |q (print) | ||
| 024 | 7 | |a 10.1163/9789047402121 |2 DOI | |
| 035 | |a (OCoLC)191933567 | ||
| 040 | |a NL-LeKB |c NL-LeKB |e rda | ||
| 050 | 4 | |a BL42 | |
| 072 | 7 | |a HRCM |2 bicssc | |
| 072 | 7 | |a REL |x 067000 | |
| 082 | 0 | 4 | |a 291.7/5 |2 23 |
| 100 | 1 | |a Hermans, Chris, |e author. | |
| 245 | 1 | 0 | |a Participatory Learning : |b Religious Education in a Globalizing Society / |c Chris Hermans. |
| 246 | 3 | |a Religious Education in a Globalizing Society | |
| 264 | 1 | |a Leiden; |a Boston : |b BRILL, |c 2003. | |
| 300 | |a 1 online resource. | ||
| 336 | |a text |b txt |2 rdacontent | ||
| 337 | |a computer |b c |2 rdamedia | ||
| 338 | |a online resource |2 rdacarrier | ||
| 490 | 1 | |a Empirical Studies in Theology ; |v 9 | |
| 490 | 1 | |a Brill Book Archive Part 1, ISBN: 9789004472495 | |
| 504 | |a Includes bibliographical references and index. | ||
| 520 | |a In many respects children and youths receiving religious instruction in our culture resemble extraterrestrial beings doing an orientation course. Religion and religiosity are unknown quantities which they have hardly encountered at home. Religion seems something else, something greater. This book is a study of the foundations of religious education, centered around six concepts: religion in a globalizing society, religious tradition, religion, the religious self, learning through participation and interreligious learning. | ||
| 588 | |a Description based on print version record. | ||
| 650 | 0 | |a Globalization |x Religious aspects. | |
| 650 | 0 | |a Religious education |x Philosophy. | |
| 776 | 0 | 8 | |i Print version: |t Participatory Learning : Religious Education in a Globalizing Society. |d Leiden ; Boston : BRILL, 2003 |z 9789004130012 |w (DLC) 2003050020 |w (OCoLC)52040997 |
| 830 | 0 | |a Empirical Studies in Theology ; |v 9. | |
| 830 | 0 | |a Brill Book Archive Part 1, ISBN: 9789004472495. | |
| 856 | 4 | |z DOI: |u http://dx.doi.org/10.1163/9789047402121 | |
| 942 | |2 lcc |c EBOOK | ||
| 952 | |0 0 |1 0 |2 lcc |4 0 |7 1 |9 32985 |a BRILL |b BRILL |d 2022-02-08 |l 0 |r 2022-02-08 00:00:00 |w 2022-02-08 |y EBOOK | ||
| 999 | |c 41415 |d 41415 | ||
